000 00729nam a2200229 a 4500
001 000022235
005 20200930011637.0
008 100920s1979 ck r 000 0 spa d
040 _aDO-SdBNP
_bspa
_cBNPHU
082 _a320.986
_bM528s
100 1 _aMelo, Jorge orlando,
_d1942-
_945977
245 1 0 _aSobre historia y política /
_cJorge Orlando Melo.
260 _aBogotá :
_bLealon,
_c1979.
300 _a274, [2] p. ;
_c18 cm.
490 1 _aLa Carreta
500 _aIncluye nota y referencias bibliográficas al pie de las páginas.
500 _aIncluye referencias: p. 274
651 4 _aColombia
_xPolítica Y Gobierno
_932467
651 4 _aColombia
_xHistoria
_918037
830 0 _aLa Carreta
_945978
049 _aBNGR
999 _c21733
_d21733